000 00920nam a2200229 a 4500
001 12856
003 BD-JhCC
005 20230521093858.0
008 230521s20032001b a|||| |||| 000 0 b d
020 _a9843114388
035 _a(BD-JhCC)12856
040 _aBD-JhCC
_dBD-JhCC
041 _aben
082 _a327.1256
_bABU 2003
100 _aআবু রূশদ
245 _aগোয়েন্দা সংস্থার সাবেক প্রধানদের কথা বাংলাদেশের ‘র’ :
_bআগ্রাসী গুপ্তচরবৃত্তির স্বরূপ সন্ধান /
_cআবু রূশদ
260 _aঢাকা :
_bজিনাফ,
_c২০০৩
300 _a২৮৮ পৃ. :
_bচিত্রাবলী,
_c২১ সেমি.
650 _aIntelligence service
_zAsia
650 _aRAW (Research and Analysis Wing)
942 _2ddc
_cBK
999 _c12856
_d12856